Dates : Histoire Romaine - Statistiques

Statistiques générales
  • Ce quiz a été pris 144 fois
  • Le résultat moyen est 9 sur 20
Statistiques - réponses
Evénements Dates % Correct
Assassinat de César -44
87%
Bataille d'Alesia -52
81%
Fondation de Rome -753
73%
Fin de l'Empire Romain d'Occident 476
70%
Bataille d'Actium -31
64%
Proclamation de la République Romaine -509
62%
Grand incendie de Rome 64
47%
Edit de Caracalla sur la citoyenneté Romaine 212
42%
Révolte de Spartacus (Début) -73
41%
Bataille de Teutobourg 9
40%
Bataille de Zama -202
38%
Partage de l'Empire Romain à la mort de Théodose 395
38%
Inauguration du Colisée 80
36%
Bataille de Cannes contre Hannibal Barca -216
35%
Mort de Marc Aurèle 180
33%
Fondation de Constantinople 330
33%
Bataille des Champs Catalauniques 451
28%
Sac de Rome par Brennos -390
27%
Création de la Tétrarchie par Dioclétien 285
25%
Annexion de la Macédoine par Rome -146
22%
Aucun quiz correspondant
Distribution des résultats
% des personnes avec chaque résultat
Percentile par nombre de réponses
Votre historique - résultats
Vous n’avez pas pris ce quiz